[Event "Hannover-ch op"]
[Site "Hannover"]
[Date "2003.10.23"]
[Round "2"]
[White "Raimann, Max Guenter"]
[Black "Weisker, Michael"]
[Result "0-1"]
[WhiteElo "1973"]
[BlackElo "1780"]
[PlyCount "58"]
[EventDate "2003.10.23"]
[EventType "swiss"]
[EventRounds "7"]
[EventCountry "GER"]
[SourceTitle "EXT 2021"]
[Source "ChessBase"]
[SourceDate "2020.10.23"]
[SourceVersion "1"]
[SourceVersionDate "2020.10.23"]
[SourceQuality "1"]

1. e4 g6 2. d4 Bg7 3. Nc3 d6 4. f4 a6 5. Be3 b5 6. a3 Nd7 7. Nf3 Bb7 8. Be2 e6 9. 0-0 Ne7 10. Qd2 0-0 11. Rae1 c5 12. g4 b4 13. axb4 cxb4 14. Na2 Bxe4 15. Nxb4 a5 16. Nd3 Qc7 17. Ng5 Bb7 18. h4 h6 19. Nh3 f5 20. h5 e5 21. fxe5 dxe5 22. Bxh6 fxg4 23. Bxg7 Qc6 24. Bf3 Rxf3 25. Rxf3 Qxf3 26. Ndf4 Qh1+ 27. Kf2 Qh2+ 28. Ke3 Nf5+ 29. Kd3 e4+ 0-1

[Event "Hannover-ch op"]
[Site "Hannover"]
[Date "2002.10.06"]
[Round "4"]
[White "Weisker, Michael"]
[Black "Quasigroch, Peter"]
[Result "0-1"]
[WhiteElo "1811"]
[BlackElo "1602"]
[PlyCount "42"]
[EventDate "2002.10.04"]
[EventType "swiss"]
[EventRounds "7"]
[EventCountry "GER"]
[SourceTitle "EXT 2021"]
[Source "ChessBase"]
[SourceDate "2020.10.23"]
[SourceVersion "1"]
[SourceVersionDate "2020.10.23"]
[SourceQuality "1"]

1. Nf3 d5 2. g3 g6 3. Bg2 Bg7 4. 0-0 Nf6 5. d3 0-0 6. Nbd2 Bd7 7. c4 c6 8. Rb1 Qc8 9. Re1 Bh3 10. Bh1 Re8 11. b4 e5 12. Bb2 e4 13. Ng5 exd3 14. Nxh3 dxe2 15. Rxe2 Rxe2 16. Qxe2 Qxh3 17. Bxf6 Bxf6 18. Qe8+ Kg7 19. cxd5 Qd7 20. dxc6 Qxe8 21. cxb7 Nc6 0-1

[Event "Langenhagen-ch op"]
[Site "Langenhagen"]
[Date "2002.05.03"]
[Round "1"]
[White "Weisker, Michael"]
[Black "Guitkis, Alexej"]
[Result "0-1"]
[WhiteElo "1801"]
[BlackElo "2197"]
[PlyCount "42"]
[EventDate "2002.05.03"]
[EventType "swiss"]
[EventRounds "7"]
[EventCountry "GER"]
[SourceTitle "EXT 2021"]
[Source "ChessBase"]
[SourceDate "2020.10.23"]
[SourceVersion "1"]
[SourceVersionDate "2020.10.23"]
[SourceQuality "1"]

1. Nf3 d5 2. g3 Nf6 3. Bg2 g6 4. 0-0 Bg7 5. d3 0-0 6. Nbd2 c5 7. e4 Nc6 8. c3 b6 9. a3 Ba6 10. c4 dxc4 11. dxc4 Qc7 12. Rb1 Rad8 13. Qa4 Bb7 14. b4 cxb4 15. axb4 Nd4 16. e5 Ne2+ 17. Kh1 Nc3 18. Qa1 Nxb1 19. exf6 Nxd2 20. fxg7 Nxf3 21. gxf8Q+ Rxf8 0-1

[Event "Passau op 8th"]
[Site "Passau"]
[Date "2000.04.21"]
[Round "1"]
[White "Weisker, Michael"]
[Black "Medunova, Vera"]
[Result "1/2-1/2"]
[WhiteElo "1800"]
[BlackElo "2209"]
[PlyCount "45"]
[EventDate "2000.04.21"]
[EventType "swiss"]
[EventRounds "7"]
[EventCountry "GER"]
[SourceTitle "CBM 076 Extra"]
[Source "ChessBase"]
[SourceDate "2000.07.11"]
[SourceVersion "1"]
[SourceVersionDate "2000.07.11"]
[SourceQuality "1"]

1. d4 Nf6 2. e3 c5 3. Bd3 Nc6 4. Nf3 d5 5. c3 e6 6. 0-0 Bd6 7. Nbd2 0-0 8. dxc5 Bxc5 9. e4 Qc7 10. Qe2 Bd6 11. Re1 Ng4 12. h3 Nge5 13. Nxe5 Nxe5 14. exd5 exd5 15. Nf3 Nxf3+ 16. Qxf3 Be6 17. Be3 a6 18. Bd4 Bc5 19. Be5 Bd6 20. Bxh7+ Kxh7 21. Qh5+ Kg8 22. Bxg7 Kxg7 23. Qg5+ 1/2-1/2

[Event "Passau op 7th"]
[Site "Passau"]
[Date "1999.04.03"]
[Round "4"]
[White "Weisker, Michael"]
[Black "Knitl, Anton"]
[Result "1/2-1/2"]
[WhiteElo "1805"]
[BlackElo "2076"]
[PlyCount "76"]
[EventDate "1999.04.02"]
[EventType "swiss"]
[EventRounds "7"]
[EventCountry "GER"]
[SourceTitle "EXT 2000"]
[Source "ChessBase"]
[SourceDate "1999.11.16"]
[SourceVersion "1"]
[SourceVersionDate "1999.11.16"]
[SourceQuality "1"]

1. d4 Nf6 2. Nf3 d5 3. e3 c6 4. Bd3 Bg4 5. h3 Bh5 6. g4 Bg6 7. Ne5 Bxd3 8. cxd3 e6 9. Nc3 Nfd7 10. Nf3 Be7 11. Qb3 Qb6 12. Qxb6 axb6 13. Bd2 b5 14. 0-0 Nb6 15. a3 N8d7 16. Rac1 0-0 17. Na2 f6 18. Bb4 Rae8 19. Bxe7 Rxe7 20. Nc3 Na4 21. Nxa4 bxa4 22. Kg2 e5 23. Rfd1 Nb6 24. Rc2 g6 25. Rb1 Nc8 26. b3 axb3 27. Rxb3 Nd6 28. a4 Ra8 29. Rb4 Ree8 30. dxe5 fxe5 31. Nd2 Ra7 32. Nb3 e4 33. d4 Rea8 34. Nc5 Nc4 35. Nxe4 Nxe3+ 36. fxe3 dxe4 37. Rcb2 Rxa4 38. Rxa4 Rxa4 1/2-1/2

[Event "Passau op 7th"]
[Site "Passau"]
[Date "1999.04.02"]
[Round "1"]
[White "Dunsbach, Ralf"]
[Black "Weisker, Michael"]
[Result "1-0"]
[WhiteElo "1805"]
[BlackElo "2245"]
[PlyCount "77"]
[EventDate "1999.04.02"]
[EventType "swiss"]
[EventRounds "7"]
[EventCountry "GER"]
[SourceTitle "EXT 2000"]
[Source "ChessBase"]
[SourceDate "1999.11.16"]
[SourceVersion "1"]
[SourceVersionDate "1999.11.16"]
[SourceQuality "1"]

1. Nf3 d5 2. c4 c6 3. d4 Nf6 4. Nc3 e6 5. e3 Be7 6. Bd3 Nbd7 7. 0-0 0-0 8. e4 dxe4 9. Nxe4 Nxe4 10. Bxe4 Nf6 11. Bc2 c5 12. dxc5 Bxc5 13. Bg5 Be7 14. Qe2 h6 15. Bh4 Nh5 16. Rad1 Qc7 17. Bxe7 Qxe7 18. Ne5 Nf6 19. Qd3 b5 20. cxb5 Bb7 21. Nd7 Rfd8 22. Nxf6+ Qxf6 23. Qh7+ Kf8 24. Be4 Bxe4 25. Qxe4 Qxb2 26. a4 Qb3 27. Rb1 Qd5 28. Qh7 Ke7 29. g3 Qd4 30. Rfc1 Rac8 31. Rxc8 Rxc8 32. a5 Qd2 33. Qxg7 Rc2 34. Rf1 Rb2 35. Qe5 f6 36. Qc5+ Ke8 37. Ra1 Qd5 38. Qxd5 exd5 39. b6 1-0

[Event "Passau op 7th"]
[Site "Passau"]
[Date "1999.04.02"]
[Round "2"]
[White "Weisker, Michael"]
[Black "Franke, Christian"]
[Result "1-0"]
[WhiteElo "1805"]
[BlackElo "1289"]
[PlyCount "51"]
[EventDate "1999.04.02"]
[EventType "swiss"]
[EventRounds "7"]
[EventCountry "GER"]
[SourceTitle "EXT 2000"]
[Source "ChessBase"]
[SourceDate "1999.11.16"]
[SourceVersion "1"]
[SourceVersionDate "1999.11.16"]
[SourceQuality "1"]

1. d4 Nf6 2. Nf3 g6 3. e3 Bg7 4. c4 d6 5. Be2 0-0 6. 0-0 Re8 7. Nc3 e5 8. b4 exd4 9. exd4 Bf5 10. a4 Ne4 11. Nxe4 Rxe4 12. Be3 a6 13. Bd3 Re6 14. Bxf5 gxf5 15. Bg5 Qe8 16. Nh4 Qc6 17. d5 Qxc4 18. dxe6 Bxa1 19. exf7+ Qxf7 20. Qxa1 Nd7 21. Re1 h6 22. Re7 hxg5 23. Rxf7 Kxf7 24. Nxf5 Ne5 25. Qc3 c6 26. Nxd6+ 1-0